#10 Fußball WM Teilnehmer ? - Statistiken

Allgemein
  • Dieses Quiz wurde 234 mal gespielt
  • Das Durchschnittsergebnis liegt bei 5 aus 6
Answers on the Grid
Answers color-coded by a green-red scale on the quiz's grid according to % correct below.
Katar
Australien
Algerien
Polen
Gambia
Georgien
Libanon
Liechtenstein
Niger
Moldau
Mosambik
Sambia
Papua-Neuguinea
Russland
Serbien
 
Antwortstatistiken
Antwort % Korrekt
Polen
89%
Russland
89%
Katar
87%
Australien
85%
Algerien
84%
Serbien
82%
Keine übereinstimmenden Quizze gefunden
Verteilung der Resultate
Anzahl Personen mit jedem Resultat
Perzentil nach korrekt beantworteten Fragen
Ihre Resultats-Entwicklung
Sie haben dieses Quiz noch nicht gespielt